[Event "ICS rated standard match"]
[Site "204.178.125.65"]
[Date "2001.09.15"]
[Round "?"]
[White "Hossa"]
[Black "JCSuperstar"]
[Result "1/2-1/2"]
[WhiteElo "2254"]
[BlackElo "2382"]
[PlyCount "149"]
[EventDate "2001.??.??"]

1. d4 Nf6 2. c4 e6 3. Nf3 d5 4. Nc3 Be7 5. Bf4 O-O 6. e3 c5 7. dxc5 Bxc5 8.
cxd5 Nxd5 9. Nxd5 exd5 10. a3 Nc6 11. Bd3 Bb6 12. O-O Bg4 13. h3 Bh5 14. b4 Re8
15. Rc1 a5 16. b5 Ne5 17. Bxe5 Bxf3 18. Qxf3 Rxe5 19. Qg4 d4 20. exd4 Bxd4 21.
Rcd1 h5 22. Qf4 Qd5 23. Bh7+ Kxh7 24. Rxd4 Qxb5 25. Qxf7 Rae8 26. Rfd1 Rf5 27.
Rd5 Re1+ 28. Rxe1 Qxd5 29. Qxd5 Rxd5 30. Re4 b5 31. Kf1 Rd3 32. a4 Rd5 33. axb5
Rxb5 34. Ke2 Kg6 35. Rf4 Rb2+ 36. Ke3 Ra2 37. Kd3 a4 38. Kc3 Kh6 39. h4 Kh7 40.
Kb4 g5 41. Rf5 gxh4 42. Rxh5+ Kg6 43. Rxh4 Rxf2 44. g3 a3 45. Kxa3 Rf3+ 46. Kb2
Rxg3 47. Kc2 Kf5 48. Kd2 Rg1 49. Ke2 Ke5 50. Kf2 Rg8 51. Kf3 Ra8 52. Kg3 Rf8
53. Kh3 Rg8 54. Kh2 Ke6 55. Kh3 Kf5 56. Kh2 Rg5 57. Kh3 Rg1 58. Rd4 Rg8 59. Kh4
Ke5 60. Rd3 Ke4 61. Rd2 Rg7 62. Kh5 Rg1 63. Kh6 Kf5 64. Kh7 Kf6 65. Kh8 Ke7 66.
Kh7 Ke6 67. Kh8 Re1 68. Kg8 Kf6 69. Kh8 Kf7 70. Rf2+ Ke7 71. Kg8 Rg1+ 72. Kh8
Rh1+ 73. Kg8 Rg1+ 74. Kh8 Rh1+ 75. Kg8 {Game drawn by mutual agreement} 1/2-1/2

[Event "ICS rated blitz match"]
[Site "204.178.125.65"]
[Date "2001.09.15"]
[Round "?"]
[White "Hossa"]
[Black "ENagrocka"]
[Result "1-0"]
[WhiteElo "2622"]
[BlackElo "2450"]
[PlyCount "93"]
[EventDate "2001.??.??"]

1. e4 e6 2. d4 d5 3. Nc3 Nf6 4. e5 Nfd7 5. Nce2 c5 6. f4 Nc6 7. c3 cxd4 8. Nxd4
Nxd4 9. cxd4 f5 10. Bd3 Nb6 11. Nf3 Bd7 12. O-O a6 13. Be3 Bb5 14. Bxb5+ axb5
15. Ng5 Qd7 16. Rf2 g6 17. Rc2 h6 18. Nf3 Rc8 19. Rxc8+ Nxc8 20. Rc1 Nb6 21.
Qe2 Be7 22. Bf2 Kf7 23. Ra1 Rc8 24. Qd3 Qc6 25. Ne1 Qc4 26. Qf3 b4 27. Qd1 Rc6
28. Nd3 Qc2 29. Qf1 Qa4 30. b3 Qa3 31. Qe2 Qa6 32. Be3 Rc3 33. Rd1 Nd7 34. g3
Qc6 35. Ne1 Qa6 36. Qf2 Qc6 37. Bd2 Rc2 38. Nxc2 Qxc2 39. Rc1 Qxa2 40. Rc7 Nb6
41. Rxe7+ Kg8 42. Rxe6 Qb1+ 43. Qe1 Qxb3 44. Rxg6+ Kf7 45. e6+ Ke7 46. Bxb4+
Ke8 47. Rg8# {ENagrocka checkmated} 1-0

[Event "ICS rated blitz match"]
[Site "204.178.125.65"]
[Date "2001.09.15"]
[Round "?"]
[White "monsoon"]
[Black "Hossa"]
[Result "1-0"]
[WhiteElo "2696"]
[BlackElo "2631"]
[PlyCount "175"]
[EventDate "2001.??.??"]

1. e4 c5 2. Nf3 d6 3. d4 cxd4 4. Nxd4 Nf6 5. Nc3 a6 6. Bg5 e6 7. f4 Qb6 8. Qd2
Qxb2 9. Rb1 Qa3 10. Be2 Be7 11. O-O O-O 12. Rf3 Qc5 13. Na4 Qc7 14. Nb6 Nxe4
15. Qb4 Ra7 16. Nxe6 Bxe6 17. Bxe7 Bxa2 18. Bxf8 Bxb1 19. Bxg7 Qxc2 20. Qb2 Nc6
21. Bc4 h5 22. Bh8 Qxb2 23. Bxb2 Kf8 24. Rh3 f6 25. Rxh5 Kg7 26. Rd5 Nb4 27.
Rd4 Bc2 28. Nc8 Ra8 29. Nxd6 Nc5 30. Nxb7 Nxb7 31. Rd7+ Kg6 32. Rxb7 Nd3 33.
Bd4 Nxf4 34. Rb6 Rf8 35. Rxa6 Bb3 36. Bf1 Kf5 37. g3 Ne6 38. Bh3+ Ke4 39. Bb2
f5 40. Rb6 Ba2 41. Rb5 Ng5 42. Bg2+ Kd3 43. Bf1+ Kd2 44. Bg7 Rg8 45. Bh6 Kc3
46. Rxf5 Ne6 47. Bc1 Rb8 48. h4 Rg8 49. Kh2 Bb1 50. Re5 Ba2 51. Be3 Bb3 52. h5
Rf8 53. Bg2 Nd4 54. g4 Rh8 55. Be4 Bc4 56. h6 Bd3 57. Rc5+ Bc4 58. g5 Ne6 59.
Ra5 Kb4 60. Bd2+ Kb3 61. g6 Rd8 62. Be3 Kb4 63. Re5 Kc3 64. Kg1 Rg8 65. h7 Nf8
66. hxg8=Q Bxg8 67. Re8 Nxg6 68. Rxg8 Ne5 69. Bd4+ Kxd4 70. Bb7 Nc4 71. Rg4+
Kc5 72. Rh4 Nd6 73. Rh5+ Kb4 74. Bc6 Nc4 75. Kf2 Kc3 76. Bb5 Na5 77. Rh4 Nb7
78. Ke3 Nd6 79. Bd3 Nf7 80. Rc4+ Kb3 81. Rf4 Nd6 82. Kd2 Nc8 83. Bc2+ Ka3 84.
Rd4 Nb6 85. Kc3 Ka2 86. Rd1 Nc4 87. Bb3+ Ka3 88. Ra1# {Hossa checkmated} 1-0

[Event "ICS rated blitz match"]
[Site "204.178.125.65"]
[Date "2001.09.15"]
[Round "?"]
[White "Hossa"]
[Black "seaotter"]
[Result "1-0"]
[WhiteElo "2603"]
[BlackElo "2296"]
[PlyCount "135"]
[EventDate "2001.??.??"]

1. e4 c5 2. Nf3 d6 3. d4 cxd4 4. Nxd4 Nf6 5. Nc3 g6 6. Be3 Bg7 7. Qd2 Nc6 8.
O-O-O Ng4 9. Bb5 Bd7 10. Nde2 Nxe3 11. Qxe3 a6 12. Bd3 O-O 13. h4 Rc8 14. h5
Ne5 15. hxg6 hxg6 16. Qg5 Re8 17. Qh4 Be6 18. f4 Nxd3+ 19. Rxd3 Bc4 20. Re3 Qa5
21. Qh7+ Kf8 22. Rhh3 Bxe2 23. Rxe2 Rxc3 24. bxc3 Rc8 25. a4 Rxc3 26. e5 Rxh3
27. Qxh3 Qc5 28. Qd3 Kg8 29. exd6 Qxd6 30. Qxd6 exd6 31. Re8+ Kh7 32. Re7 b5
33. axb5 axb5 34. Rxf7 Kh6 35. Rd7 Bc3 36. Rxd6 b4 37. f5 Kg7 38. Rxg6+ Kf7 39.
g4 Kf8 40. g5 Kf7 41. Rb6 Kg7 42. Rb7+ Kg8 43. Kd1 Kf8 44. g6 Kg8 45. Rf7 Bd4
46. Ke2 Bc3 47. Kd3 Bb2 48. Ke3 Bc3 49. Ke4 Bb2 50. f6 Bxf6 51. Rxf6 Kg7 52.
Rf8 Kxf8 53. Kd3 Kg7 54. Kc4 Kxg6 55. Kxb4 Kf6 56. c4 Ke6 57. Kc5 Kd7 58. Kb6
Kc8 59. c5 Kb8 60. c6 Kc8 61. c7 Kd7 62. Kb7 Kd6 63. c8=Q Ke5 64. Qg4 Kd5 65.
Qf4 Ke6 66. Kc6 Ke7 67. Qf5 Kd8 68. Qf8# {seaotter checkmated} 1-0

[Event "ICS rated blitz match"]
[Site "204.178.125.65"]
[Date "2001.09.15"]
[Round "?"]
[White "Danimir"]
[Black "Hossa"]
[Result "0-1"]
[WhiteElo "2414"]
[BlackElo "2608"]
[PlyCount "48"]
[EventDate "2001.??.??"]

1. d4 Nf6 2. e3 e6 3. Bd3 Nc6 4. c3 e5 5. f4 e4 6. Bc2 d5 7. Ne2 Bd6 8. O-O O-O
9. h3 Be6 10. b3 Ne7 11. Ba3 Bxa3 12. Nxa3 Nf5 13. Qd2 Nh5 14. Kh2 Qe7 15. Nb1
Qh4 16. Bd1 Nhg3 17. Re1 Nxe2 18. Qxe2 a5 19. a4 g5 20. fxg5 Kh8 21. Nd2 Rg8
22. Nf1 Rxg5 23. Ra2 Rag8 24. g4 Rxg4 {Danimir resigns} 0-1

[Event "ICS Rated blitz match"]
[Site "204.178.125.65"]
[Date "2001.09.15"]
[Round "?"]
[White "Hossa"]
[Black "Danimir"]
[Result "1/2-1/2"]
[WhiteElo "2616"]
[BlackElo "2406"]
[PlyCount "185"]
[EventDate "2001.??.??"]

1. e4 c5 2. Nf3 Nc6 3. Bb5 g6 4. O-O Bg7 5. Re1 Nf6 6. e5 Nd5 7. Nc3 Nc7 8.
Bxc6 dxc6 9. Ne4 Ne6 10. d3 O-O 11. a3 b6 12. b4 cxb4 13. axb4 Nd4 14. Nxd4
Qxd4 15. Bg5 Bxe5 16. Bxe7 Qxa1 17. Qxa1 Bxa1 18. Rxa1 f5 19. Nf6+ Rxf6 20.
Bxf6 Kf7 21. Bd4 Bb7 22. f4 a5 23. Bxb6 axb4 24. Rxa8 Bxa8 25. Bc5 b3 26. cxb3
Ke6 27. Kf2 Bb7 28. Ke3 Ba6 29. Kd4 Bb5 30. Bb4 Kd7 31. h3 h5 32. Bc5 Ke6 33.
g3 Ba6 34. Bb4 Bb5 35. Ba3 Kd7 36. h4 Ba6 37. Ke5 Bxd3 38. Bc5 Be2 39. Bb4 Bg4
40. Kf6 Kc8 41. Kxg6 Kb7 42. Bc5 Ka6 43. b4 Kb5 44. Kf6 Kc4 45. Ke5 Kb5 46. Kd6
Bf3 47. Kd7 Bg4 48. Be7 Bf3 49. Ke6 Bg4 50. Bc5 Kc4 51. Kd6 Kb5 52. Ke5 Kc4 53.
Be7 Kb5 54. Kd4 Be2 55. Bf8 Bg4 56. Bd6 Bf3 57. Bf8 Bg4 58. Kc3 Bf3 59. Bc5 Bg4
60. Bd6 Bf3 61. Kd4 Bg4 62. Kd3 Bf3 63. Bf8 Bg4 64. Be7 Bf3 65. Kc3 Bg4 66. Bc5
Bh3 67. Kd4 Bg4 68. Bf8 Bh3 69. Ke5 Bg4 70. Ke6 Kc4 71. Kd7 Kb5 72. Bd6 Bh3 73.
Be5 Bg4 74. Kd6 Bh3 75. Bc3 Bg4 76. Be1 Bf3 77. Ke6 Bg4 78. Kd7 Bf3 79. Kd6 Bg4
80. Bd2 Bh3 81. Ke7 Bg4 82. Be1 Bh3 83. Kd7 Bg4 84. Bc3 Bh3 85. Bd2 Bg4 86. Ke6
Kc4 87. Kd6 Kb5 88. Kc7 Bh3 89. Be1 Bg4 90. Kd8 Kc4 91. Kd7 Kb5 92. Bc3 Bf3 93.
Bd2 {Game drawn by the 50 move rule} 1/2-1/2

[Event "ICS rated blitz match"]
[Site "204.178.125.65"]
[Date "2001.09.15"]
[Round "?"]
[White "Rakeinthegrass"]
[Black "Hossa"]
[Result "0-1"]
[WhiteElo "2004"]
[BlackElo "2607"]
[PlyCount "29"]
[EventDate "2001.??.??"]

1. e4 c5 2. Nf3 d6 3. d4 cxd4 4. Nxd4 Nf6 5. Nc3 a6 6. Be3 e5 7. Nb3 Be6 8. Be2
Be7 9. Qd2 b5 10. O-O b4 11. Na4 Nc6 12. f4 Nxe4 13. Qd3 f5 14. fxe5 Nxe5 15.
Qd1 {Rakeinthegrass resigns} 0-1

[Event "ICS rated blitz match"]
[Site "204.178.125.65"]
[Date "2001.09.15"]
[Round "?"]
[White "Hossa"]
[Black "baldomero"]
[Result "1-0"]
[WhiteElo "2607"]
[BlackElo "2345"]
[PlyCount "27"]
[EventDate "2001.??.??"]

1. e4 c5 2. Nf3 Nc6 3. Bb5 g6 4. O-O Bg7 5. Re1 Nf6 6. e5 Nd5 7. Nc3 Nc7 8.
Bxc6 dxc6 9. Ne4 b6 10. Nf6+ Bxf6 11. exf6 e6 12. d3 Qxf6 13. Bg5 Qxb2 14. Bf4
{baldomero resigns} 1-0

[Event "ICS rated blitz match"]
[Site "204.178.125.65"]
[Date "2001.09.15"]
[Round "?"]
[White "baldomero"]
[Black "Hossa"]
[Result "0-1"]
[WhiteElo "2339"]
[BlackElo "2613"]
[PlyCount "46"]
[EventDate "2001.??.??"]

1. e3 Nf6 2. d4 g6 3. c4 Bg7 4. Nc3 d5 5. Nf3 O-O 6. Be2 dxc4 7. Bxc4 a6 8. O-O
b5 9. Be2 Bb7 10. Ne5 Nbd7 11. Nd3 Ne4 12. Bf3 Nxc3 13. bxc3 Bxf3 14. Qxf3 c5
15. Ba3 b4 16. cxb4 cxd4 17. exd4 Bxd4 18. Bb2 Bxb2 19. Nxb2 Rc8 20. Rac1 Nb6
21. a3 Qd2 22. Rxc8 Rxc8 23. Nd3 Rc3 {baldomero resigns} 0-1

[Event "ICS rated blitz match"]
[Site "204.178.125.65"]
[Date "2001.09.15"]
[Round "?"]
[White "Hossa"]
[Black "Tinker"]
[Result "1-0"]
[WhiteElo "2618"]
[BlackElo "2619"]
[PlyCount "133"]
[EventDate "2001.??.??"]

1. d4 Nf6 2. c4 e6 3. Nf3 d5 4. Nc3 Be7 5. Bf4 O-O 6. e3 c5 7. dxc5 Bxc5 8.
cxd5 Nxd5 9. Nxd5 exd5 10. a3 Nc6 11. Bd3 Bb6 12. O-O Bg4 13. h3 Bh5 14. b4 Re8
15. b5 Bxf3 16. Qxf3 Na5 17. Rfd1 Rc8 18. Bf5 Rc5 19. a4 Qf6 20. Bg3 h5 21. Ra2
h4 22. Bh2 d4 23. e4 Rc3 24. Qh5 g6 25. Qg4 Nc4 26. Bd7 Re7 27. a5 Bxa5 28. e5
Qb6 29. e6 Bb4 30. Bf4 Bc5 31. exf7+ Kxf7 32. Bg5 Re5 33. Qxh4 Kg8 34. Bg4 Kg7
35. Be2 Na3 36. Bd2 Qf6 37. Qh6+ Kg8 38. Bxc3 dxc3 39. Bd3 Re6 40. Qc1 a6 41.
bxa6 bxa6 42. Kh1 Rc6 43. Be4 Rd6 44. Bd5+ Kg7 45. Rxa3 Bxa3 46. Qxa3 c2 47.
Rd2 Qe5 48. Qc1 Rxd5 49. Rxc2 a5 50. f4 Qd6 51. Rc7+ Kh6 52. f5+ g5 53. Rc6
Rd1+ 54. Qxd1 Qxc6 55. Qa1 g4 56. hxg4 Kg5 57. Qd4 a4 58. Kh2 Qc7+ 59. Kh3 Qh7+
60. Kg3 Qc7+ 61. Kf3 Qc6+ 62. Ke3 Qc1+ 63. Qd2 Qxd2+ 64. Kxd2 a3 65. Kc2 a2 66.
Kb2 a1=Q+ 67. Kxa1 {Tinker resigns} 1-0

[Event "ICS rated blitz match"]
[Site "204.178.125.65"]
[Date "2001.09.15"]
[Round "?"]
[White "Tinker"]
[Black "Hossa"]
[Result "1-0"]
[WhiteElo "2603"]
[BlackElo "2634"]
[PlyCount "104"]
[EventDate "2001.??.??"]

1. e4 e5 2. Nf3 Nc6 3. Bb5 a6 4. Ba4 Nf6 5. O-O b5 6. Bb3 Bb7 7. Re1 Bc5 8. c3
d6 9. d4 Bb6 10. Bg5 h6 11. Bh4 g5 12. Bg3 g4 13. dxe5 gxf3 14. exf6 fxg2 15.
Qf3 Rg8 16. Bd5 Ne5 17. Bxe5 Bxd5 18. exd5 dxe5 19. Rxe5+ Kf8 20. Nd2 Rg6 21.
Ne4 b4 22. h4 Qd7 23. cxb4 Bd4 24. Rf5 Bxb2 25. Rb1 Bd4 26. h5 Rg8 27. Qf4 Ke8
28. Rd1 Bb6 29. Ng3 Kd8 30. Kxg2 Qa4 31. Rd3 Qb5 32. Rb3 Qd7 33. a3 a5 34. Rf3
axb4 35. axb4 Ra4 36. Qxh6 Rxb4 37. Qc1 Rbg4 38. Qc2 Bd4 39. Ra3 Qc8 40. Ra4
Bb6 41. Qe2 Rxg3+ 42. fxg3 Bc5 43. Qc2 Bd6 44. g4 Bf8 45. g5 Bh6 46. Qc6 Bf8
47. Ra8 Qxa8 48. Qxa8+ Kd7 49. Qc6+ Kd8 50. d6 Bxd6 51. Ra5 Rxg5+ 52. Rxg5 Bc5
{Hossa resigns} 1-0

[Event "ICS rated blitz match"]
[Site "204.178.125.65"]
[Date "2001.09.15"]
[Round "?"]
[White "Tinker"]
[Black "Hossa"]
[Result "0-1"]
[WhiteElo "2620"]
[BlackElo "2630"]
[PlyCount "208"]
[EventDate "2001.??.??"]

1. e4 c5 2. Nf3 Nc6 3. d4 cxd4 4. Nxd4 g6 5. Nc3 Bg7 6. Be3 Nf6 7. Bc4 O-O 8.
Bb3 d6 9. f3 Bd7 10. Qd2 Rc8 11. O-O-O Ne5 12. h4 h5 13. Bg5 Nc4 14. Qe2 Na5
15. Kb1 Nh7 16. Qe3 Nxb3 17. axb3 Re8 18. Rhe1 Qc7 19. Kc1 Nxg5 20. hxg5 Qc5
21. f4 Qa5 22. Kb1 b5 23. Nd5 Bg4 24. Rd3 b4 25. Qd2 e5 26. fxe5 dxe5 27. Nf3
Rcd8 28. Ree3 Rb8 29. c3 bxc3 30. Qxc3 Qxc3 31. Rxc3 Rb7 32. Rc5 Rd8 33. Kc2
Rd6 34. Rd3 Kh7 35. Nd2 Bf8 36. Nc4 Re6 37. Rc8 Be7 38. Nxe7 Rexe7 39. Ra8 Bd7
40. Nd6 Rc7+ 41. Kd2 Bc6 42. Rd8 Red7 43. Rb8 a5 44. Ke3 Ra7 45. Rd2 Rdc7 46.
Nc4 Rd7 47. Rxd7 Bxd7 48. Nxe5 Be6 49. Nc6 Rc7 50. Nd4 Rc5 51. Rb7 Kg8 52. Kf4
Bg4 53. Ra7 Kf8 54. Ra8+ Kg7 55. e5 Bc8 56. Ra7 Kg8 57. g3 Kf8 58. Ra8 Kg7 59.
Ra7 Kf8 60. Ke4 Bh3 61. Ra8+ Kg7 62. Ra7 Kf8 63. Ra6 Bg2+ 64. Kf4 Rc1 65. Ke3
Rc5 66. Kf2 Bh3 67. Ra8+ Kg7 68. Re8 Rd5 69. Ke3 Bf1 70. Ke4 Bg2+ 71. Kd3 Bf1+
72. Ke3 Bg2 73. Ne2 Rb5 74. Kf2 Bc6 75. Re7 Kf8 76. Rc7 Be8 77. e6 fxe6 78. Nd4
Rb6 79. Rc2 Ke7 80. Re2 Rd6 81. Nf3 Rd3 82. Re3 Rd1 83. Ne5 Rd2+ 84. Re2 Rd5
85. Kf3 Rb5 86. Re3 Rc5 87. Kf2 Rd5 88. Kf3 Rd2 89. Re2 Rd8 90. Kf4 Rb8 91. Re3
Rb4+ 92. Kf3 Rd4 93. Rd3 Rxd3+ 94. Nxd3 Kd6 95. Ke4 a4 96. b4 Kc6 97. Ke5 Kb5
98. Kxe6 Kc4 99. Nf4 Kb3 100. b5 Bxb5 101. Nxg6 Kxb2 102. Nf4 a3 103. Nxh5 Bc4+
104. Kf6 a2 {Tinker resigns} 0-1

[Event "ICS rated standard match"]
[Site "204.178.125.65"]
[Date "2001.09.15"]
[Round "?"]
[White "Tinker"]
[Black "Hossa"]
[Result "0-1"]
[WhiteElo "2249"]
[BlackElo "2260"]
[PlyCount "88"]
[EventDate "2001.??.??"]

1. e4 c5 2. Nf3 d6 3. d4 cxd4 4. Nxd4 Nf6 5. Nc3 a6 6. Bg5 e5 7. Bxf6 gxf6 8.
Nf3 f5 9. Bc4 Nc6 10. O-O fxe4 11. Nxe4 Rg8 12. Bd5 Be6 13. Re1 Be7 14. a4 Nb4
15. Bxb7 Rb8 16. c3 Rxb7 17. cxb4 Rxb4 18. Qc2 Qc8 19. Qxc8+ Bxc8 20. Rad1 Rg6
21. Nfd2 f5 22. Nc3 Rxb2 23. Nc4 Rb4 24. Ne3 Be6 25. Rb1 Rd4 26. Rb8+ Kf7 27.
Rh8 Rg7 28. Ra8 Rd3 29. Ned1 Bg5 30. Nb1 Rb3 31. Ndc3 Rb6 32. a5 Rc6 33. g3 Kg6
34. h4 Bf6 35. Ne2 d5 36. f4 e4 37. Rc1 Rxc1+ 38. Nxc1 Rc7 39. Ne2 Rc6 40. Na3
d4 41. Kf2 e3+ 42. Ke1 d3 43. Rb8 Rc3 44. Nb1 Rc2 {Tinker resigns} 0-1

[Event "ICS rated blitz match"]
[Site "204.178.125.65"]
[Date "2001.09.15"]
[Round "?"]
[White "monsoon"]
[Black "Hossa"]
[Result "1-0"]
[WhiteElo "2699"]
[BlackElo "2646"]
[PlyCount "149"]
[EventDate "2001.??.??"]

1. e4 e5 2. Nf3 Nc6 3. Bc4 Nf6 4. Ng5 d5 5. exd5 Na5 6. Bb5+ Bd7 7. Qe2 Be7 8.
Nc3 O-O 9. Bxd7 Qxd7 10. O-O Rfe8 11. d3 Bb4 12. Bd2 Bxc3 13. bxc3 h6 14. c4
Nxc4 15. dxc4 hxg5 16. Bxg5 Nh7 17. Bh4 f5 18. f3 Qf7 19. Rab1 Qh5 20. Be1 b6
21. Bc3 Nf6 22. Rfe1 f4 23. Kh1 Qh4 24. a4 Qh5 25. Qf2 Re7 26. a5 Nd7 27. c5
Nxc5 28. Bb4 e4 29. fxe4 Nxe4 30. Qxf4 Qe5 31. Qf3 Qd4 32. Rf1 Rd7 33. axb6
axb6 34. Rbe1 Qxb4 35. Rxe4 Qd6 36. Rfe1 Qf6 37. Qxf6 gxf6 38. c4 Ra4 39. g4
Kf7 40. h4 b5 41. cxb5 Rxe4 42. Rxe4 Rxd5 43. Rb4 Ke6 44. Kg2 Kd6 45. Kg3 Ke5
46. Rb3 Rd1 47. Re3+ Kd6 48. h5 Rb1 49. Rf3 Ke6 50. Rc3 Rxb5 51. Rc6+ Ke7 52.
Rxc7+ Kd6 53. Ra7 Rb3+ 54. Kf4 Ke6 55. h6 Rd3 56. Rg7 Rd4+ 57. Ke3 Rd1 58. h7
Rh1 59. Ra7 Rh2 60. Kf3 Rh3+ 61. Kf2 Rh1 62. Kg3 f5 63. g5 Ke5 64. Ra5+ Ke4 65.
g6 f4+ 66. Kg2 Rd1 67. Ra4+ Ke5 68. h8=Q+ Ke6 69. Qe8+ Kf6 70. Rxf4+ Kg5 71.
Qe5+ Kh6 72. Rh4+ Kxg6 73. Rg4+ Kf7 74. Rg7+ Kf8 75. Qe7# {Hossa checkmated}
1-0

[Event "ICS rated blitz match"]
[Site "204.178.125.65"]
[Date "2001.09.15"]
[Round "?"]
[White "Hossa"]
[Black "Tinker"]
[Result "0-1"]
[WhiteElo "2632"]
[BlackElo "2604"]
[PlyCount "103"]
[EventDate "2001.??.??"]

1. d4 Nf6 2. Bg5 Ne4 3. Bf4 d5 4. Nd2 Bf5 5. Nxe4 Bxe4 6. f3 Bg6 7. e3 e6 8.
Bd3 Bd6 9. Bxg6 hxg6 10. Ne2 Bxf4 11. Nxf4 Nc6 12. Qd2 g5 13. Nd3 Qd6 14. h3
O-O-O 15. O-O-O a5 16. Kb1 Rh4 17. Qe2 e5 18. Nc5 Kb8 19. Qb5 b6 20. Na6+ Kc8
21. dxe5 Nxe5 22. e4 d4 23. Ka1 Rf4 24. b4 d3 25. bxa5 Qd4+ 26. Qb2 d2 27. axb6
cxb6 28. Nb4 f5 29. Qxd4 Rxd4 30. Nd5 fxe4 31. Nxf4 gxf4 32. c3 Rd3 33. fxe4
Nc4 34. Kb1 Ne3 35. h4 Kd7 36. Rh3 Ke6 37. Rhh1 Ke5 38. h5 Kxe4 39. Rhg1 Rd6
40. Kb2 Nxd1+ 41. Rxd1 Kd3 42. c4 Ke2 43. Rh1 d1=Q 44. Rxd1 Kxd1 45. Kc3 Rd2
46. a4 Rxg2 47. c5 bxc5 48. a5 f3 49. a6 f2 50. a7 f1=Q 51. a8=Q Rc2+ 52. Kb3 {
Hossa resigns} 0-1

[Event "ICS rated blitz match"]
[Site "204.178.125.65"]
[Date "2001.09.15"]
[Round "?"]
[White "Viveiros"]
[Black "Hossa"]
[Result "1/2-1/2"]
[WhiteElo "2057"]
[BlackElo "2615"]
[PlyCount "92"]
[EventDate "2001.??.??"]

1. d4 Nf6 2. c4 e6 3. Nf3 b6 4. g3 Ba6 5. Qa4 Bb7 6. Bg2 c5 7. dxc5 Bxc5 8. O-O
O-O 9. Nc3 Be7 10. Qc2 Nc6 11. a3 d5 12. Rd1 Na5 13. cxd5 exd5 14. b4 Nc6 15.
Bb2 Bd6 16. Qb3 Ne7 17. Nd4 Be5 18. e4 Qd7 19. exd5 Nexd5 20. Ndb5 Rfd8 21. Rd2
a6 22. Nxd5 Bxd5 23. Bxd5 Bxb2 24. Qxb2 axb5 25. Rad1 Nxd5 26. Rxd5 Qxd5 27.
Rxd5 Rxd5 28. Qc2 g6 29. Qc6 Rd1+ 30. Kg2 Rxa3 31. Qxb5 Rd6 32. Qe8+ Kg7 33.
Qe5+ Rf6 34. g4 h6 35. h4 Ra2 36. g5 hxg5 37. hxg5 Raxf2+ 38. Kg1 Rf1+ 39. Kg2
R1f2+ 40. Kg3 R2f3+ 41. Kg2 Rf2+ 42. Kg1 Rf1+ 43. Kg2 R1f2+ 44. Kg1 Rf1+ 45.
Kg2 R1f2+ 46. Kg1 Rf1+ {Game drawn by repetition} 1/2-1/2

[Event "ICS rated blitz match"]
[Site "204.178.125.65"]
[Date "2001.09.15"]
[Round "?"]
[White "Hossa"]
[Black "Styggen"]
[Result "1-0"]
[WhiteElo "2600"]
[BlackElo "2203"]
[PlyCount "101"]
[EventDate "2001.??.??"]

1. d4 g6 2. g3 Bg7 3. Bg2 c6 4. e4 e5 5. dxe5 d5 6. exd6 Nd7 7. f4 f5 8. e5 Nc5
9. Nc3 Ne6 10. Nf3 Bd7 11. Be3 Nh6 12. h3 Nf7 13. Qd3 Qa5 14. O-O-O O-O 15. Qd2
Qa6 16. h4 h5 17. Rhe1 Rfb8 18. Kb1 Nfd8 19. Bh3 b5 20. Qe2 Qb7 21. Rd3 a5 22.
Nd1 a4 23. Nf2 b4 24. Ng5 c5 25. Nxe6 Nxe6 26. Rd2 Bb5 27. Qd1 Bd7 28. Nd3 c4
29. Bg2 Qb5 30. Bxa8 Rxa8 31. Nf2 b3 32. Rd5 Qb7 33. cxb3 a3 34. Rd2 cxb3 35.
Qxb3 Qxb3 36. axb3 a2+ 37. Ka1 Bf8 38. Nd3 Ra6 39. Nb4 Ra8 40. Nxa2 Nd8 41. Kb1
Be6 42. Nc1 Rb8 43. Kc2 Kf7 44. Bc5 Ke8 45. b4 Kd7 46. b3 Kc6 47. Ne2 Kb5 48.
Nd4+ Ka6 49. Ra1+ Kb7 50. Ra7+ Kc8 51. Rc7# {Styggen checkmated} 1-0

[Event "ICS rated blitz match"]
[Site "204.178.125.65"]
[Date "2001.09.15"]
[Round "?"]
[White "Hossa"]
[Black "mate-in8"]
[Result "1-0"]
[WhiteElo "2603"]
[BlackElo "2100"]
[PlyCount "127"]
[EventDate "2001.??.??"]

1. d4 Nf6 2. Bg5 c5 3. d5 Qb6 4. Bc1 e6 5. Nc3 exd5 6. Nxd5 Nxd5 7. Qxd5 d6 8.
Qd3 Nc6 9. e4 Be7 10. Be2 O-O 11. Nf3 Nb4 12. Qd1 f5 13. Bc4+ Kh8 14. e5 d5 15.
Be2 Be6 16. c3 Nc6 17. O-O Rad8 18. Qc2 Qc7 19. Bf4 h6 20. Rfd1 g5 21. Bg3 Rg8
22. h3 f4 23. Bh2 Nxe5 24. Nxe5 Qxe5 25. Bd3 Qf6 26. Re1 Bd6 27. Qa4 a6 28. Be2
Rg7 29. Qc2 Rdg8 30. Bf3 Bb8 31. Qe2 Bf7 32. Rad1 Rd8 33. a4 Bg8 34. a5 d4 35.
Qc2 Bh7 36. Qb3 Bg8 37. Qc2 Bh7 38. Qb3 Bg8 39. Qc2 Bh7 40. Qb3 Bg8 41. Qc2
Rgd7 42. Be4 c4 43. Rxd4 Rxd4 44. cxd4 Qxd4 45. Bxb7 Ba7 46. Bxa6 Qd3 47. Qc1
Qd2 48. Qc3+ Qxc3 49. bxc3 Rd2 50. Rf1 Kg7 51. Bb5 Kf6 52. h4 Bd5 53. a6 Ke5
54. hxg5 hxg5 55. g3 Kf5 56. Bd7+ Ke4 57. gxf4 gxf4 58. Bg4 f3 59. Bc8 Kd3 60.
Bf4 Re2 61. Rd1+ Ke4 62. Bg3 Bc6 63. Be6 Bb5 64. Bg8 {mate-in8 resigns} 1-0

[Event "ICS rated blitz match"]
[Site "204.178.125.65"]
[Date "2001.09.15"]
[Round "?"]
[White "mate-in8"]
[Black "Hossa"]
[Result "0-1"]
[WhiteElo "2098"]
[BlackElo "2605"]
[PlyCount "34"]
[EventDate "2001.??.??"]

1. e4 c5 2. Ne2 Nf6 3. Nbc3 d6 4. g3 Nc6 5. Bg2 g6 6. O-O Bg7 7. d3 O-O 8. h3
Bd7 9. g4 h5 10. g5 Ne8 11. f4 Nd4 12. Ng3 Nc7 13. Be3 Qc8 14. Kh2 Bc6 15. Rf2
h4 16. Nge2 Qd7 17. Qh1 Nxc2 {mate-in8 resigns} 0-1

[Event "ICS rated blitz match"]
[Site "204.178.125.65"]
[Date "2001.09.15"]
[Round "?"]
[White "Hossa"]
[Black "mate-in8"]
[Result "1-0"]
[WhiteElo "2607"]
[BlackElo "2096"]
[PlyCount "55"]
[EventDate "2001.??.??"]

1. d4 Nf6 2. Bg5 c5 3. d5 Qb6 4. Bc1 e6 5. Nc3 exd5 6. Nxd5 Nxd5 7. Qxd5 d6 8.
a4 Be6 9. Qf3 Nc6 10. e4 Be7 11. a5 Nxa5 12. Qc3 Nc6 13. Qxg7 O-O-O 14. Qc3 f5
15. exf5 Bxf5 16. Bd3 Rhf8 17. Ne2 Bxd3 18. Qxd3 Nb4 19. Qxh7 Rh8 20. Qf5+ Kb8
21. c3 Rdf8 22. Qb1 Bh4 23. g3 Qc6 24. Rf1 Qf3 25. cxb4 Re8 26. Qc2 cxb4 27.
gxh4 Rxh4 28. Be3 {mate-in8 resigns} 1-0

[Event "ICS rated blitz match"]
[Site "204.178.125.65"]
[Date "2001.09.15"]
[Round "?"]
[White "mate-in8"]
[Black "Hossa"]
[Result "0-1"]
[WhiteElo "2094"]
[BlackElo "2609"]
[PlyCount "38"]
[EventDate "2001.??.??"]

1. e4 e5 2. Bc4 f5 3. Nc3 Nf6 4. d3 fxe4 5. dxe4 Nc6 6. Nf3 Bb4 7. O-O Bxc3 8.
bxc3 Qe7 9. Bg5 d6 10. Qd3 Be6 11. Nh4 Bxc4 12. Qxc4 Qf7 13. Qa4 Nd7 14. f3 Nc5
15. Qb5 a6 16. Qb2 O-O 17. Be3 b6 18. Nf5 Na4 19. Qa3 Qc4 {mate-in8 resigns}
0-1

[Event "ICS rated blitz match"]
[Site "204.178.125.65"]
[Date "2001.09.15"]
[Round "?"]
[White "mate-in8"]
[Black "Hossa"]
[Result "0-1"]
[WhiteElo "2075"]
[BlackElo "2611"]
[PlyCount "66"]
[EventDate "2001.??.??"]

1. e4 e5 2. Bc4 f5 3. Bxg8 Rxg8 4. exf5 Qg5 5. Qf3 d6 6. Nc3 Qxf5 7. d3 Na6 8.
Bd2 Nb4 9. O-O-O Qxf3 10. Nxf3 Bg4 11. Rhe1 Be7 12. Re4 Bxf3 13. gxf3 Nc6 14.
f4 Kd7 15. fxe5 Nxe5 16. Nd5 Bd8 17. Bf4 c6 18. Ne3 Ng6 19. Bg3 d5 20. Rg4 Bf6
21. h4 Rae8 22. Rg1 Rgf8 23. Nf5 Bxb2+ 24. Kxb2 Rxf5 25. Rg5 Rxg5 26. hxg5 c5
27. Rh1 Rh8 28. c4 d4 29. Kb3 b6 30. Ka4 a6 31. Kb3 Ne7 32. a4 Nc6 33. Be5 Nxe5
{mate-in8 resigns} 0-1

[Event "ICS rated blitz match"]
[Site "204.178.125.65"]
[Date "2001.09.15"]
[Round "?"]
[White "Hossa"]
[Black "mate-in8"]
[Result "1-0"]
[WhiteElo "2612"]
[BlackElo "2074"]
[PlyCount "45"]
[EventDate "2001.??.??"]

1. e4 c5 2. Nf3 Nf6 3. e5 Nd5 4. Be2 Nc6 5. Nc3 Nxc3 6. dxc3 Qc7 7. Bf4 e6 8.
Qd2 b6 9. O-O-O Bb7 10. h4 h6 11. Kb1 O-O-O 12. Bh2 Ne7 13. Bd3 Nd5 14. Bb5 a6
15. Bf1 Rg8 16. c4 Ne7 17. Qf4 f6 18. Qd2 fxe5 19. Nxe5 Nf5 20. Nf7 d6 21. Nxd8
Qxd8 22. Bf4 e5 23. Bxe5 {mate-in8 resigns} 1-0